Hole's essentials of human anatomy & physiology / (Record no. 16658)
[ view plain ]
| 000 -LEADER | |
|---|---|
| fixed length control field | 00636cam a2200217 i 4500 |
| 020 ## - INTERNATIONAL STANDARD BOOK NUMBER | |
| ISBN | 9781259277368 (alk. paper) |
| 020 ## - INTERNATIONAL STANDARD BOOK NUMBER | |
| ISBN | 1259277364 (alk. paper) |
| 040 ## - CATALOGING SOURCE | |
| Transcribing agency | DLC |
| 082 00 - DEWEY DECIMAL CLASSIFICATION NUMBER | |
| Classification number | 612 HIL 1998 A106 Or. |
| 100 1# - MAIN ENTRY--AUTHOR NAME | |
| Personal name | Shier, David, |
| 245 10 - TITLE STATEMENT | |
| Title | Hole's essentials of human anatomy & physiology / |
| 246 3# - VARYING FORM OF TITLE | |
| Title proper/short title | Hole's essentials of human anatomy and physiology |
| 250 ## - EDITION STATEMENT | |
| Edition statement | Thirteenth edition. |
| 300 ## - PHYSICAL DESCRIPTION | |
| Number of Pages | xx, 634 pages : |
| Other physical details | color illustrations ; |
| Dimensions | 29 cm |
| 500 ## - GENERAL NOTE | |
| General note | Includes indexes. |
| 650 #0 - SUBJECT ADDED ENTRY--TOPICAL TERM | |
| Topical Term | Human physiology. |
| 650 #0 - SUBJECT ADDED ENTRY--TOPICAL TERM | |
| Topical Term | Human anatomy. |
| 700 1# - ADDED ENTRY--PERSONAL NAME | |
| Personal name | Butler, Jackie, |
| 700 1# - ADDED ENTRY--PERSONAL NAME | |
| Personal name | Lewis, Ricki, |
| 942 ## - ADDED ENTRY ELEMENTS (KOHA) | |
| Koha item type | សៀវភៅភាសាអង់គ្លេស |
| 952 ## - LOCATION AND ITEM INFORMATION (KOHA) | |
| Withdrawn status [LOCAL, KOHA] | 0 |
| Permanent Location | Date acquired | Koha item type | Lost status | Shelving location | Barcode | Current Location | Full call number |
|---|---|---|---|---|---|---|---|
| Library Block A | 2018-03-21 | សៀវភៅភាសាអង់គ្លេស | A109 | A15962 | Library Block A | 612 HIL 1998 A109 Or. |